<?xml version="1.0" encoding="UTF-8"?>
<collection xmlns="http://www.loc.gov/MARC21/slim">
  <record>
    <leader>00000nam  2200000   4500</leader>
    <controlfield tag="001">INLIS000000000040267</controlfield>
    <controlfield tag="005">20130612145834</controlfield>
    <controlfield tag="008">***********************************ind**</controlfield>
    <datafield tag="035" ind1="#" ind2="#">
      <subfield code="0">010-061300000040267</subfield>
    </datafield>
    <datafield tag="041" ind1="#" ind2="#">
      <subfield code="a">ind</subfield>
    </datafield>
    <datafield tag="082" ind1="#" ind2="#">
      <subfield code="a">633.88</subfield>
    </datafield>
    <datafield tag="090" ind1="#" ind2="#">
      <subfield code="a">633.88, mah k</subfield>
    </datafield>
    <datafield tag="100" ind1="#" ind2="#">
      <subfield code="a">b.mahendra</subfield>
    </datafield>
    <datafield tag="245" ind1="#" ind2="#">
      <subfield code="a">kumis kucing, pembudidayaa dan pemanfaatan..</subfield>
    </datafield>
    <datafield tag="260" ind1="#" ind2="#">
      <subfield code="a">2005</subfield>
      <subfield code="b">jakarta</subfield>
    </datafield>
    <datafield tag="300" ind1="#" ind2="#">
      <subfield code="a">75 hlm, ilus, 23 cm</subfield>
    </datafield>
    <datafield tag="700" ind1="#" ind2="#">
      <subfield code="a">fauzi rahmat kusuma</subfield>
    </datafield>
    <datafield tag="850" ind1="#" ind2="#">
      <subfield code="a">NBPNMAT</subfield>
    </datafield>
  </record>
</collection>
